[Event "Mittelrhein Regionalliga 18/19"]
[Site "Nordrheinwestfalen"]
[Date "2018.12.16"]
[Round "5.8"]
[White "Havenith, Michael"]
[Black "Vetter, Herbert"]
[Result "1/2-1/2"]
[WhiteElo "1623"]
[BlackElo "2073"]
[PlyCount "37"]
[EventDate "2018.10.28"]
[EventType "team-tourn"]
[EventRounds "11"]
[EventCountry "GER"]
[SourceTitle "EXT 2022"]
[Source "ChessBase"]
[SourceDate "2021.10.06"]
[SourceVersion "1"]
[SourceVersionDate "2021.10.06"]
[SourceQuality "1"]
[WhiteTeam "Wuerselen"]
[BlackTeam "Langenfeld"]
[WhiteTeamCountry "GER"]
[BlackTeamCountry "GER"]

1. c4 Nf6 2. Nf3 c5 3. Nc3 Nc6 4. g3 g6 5. Bg2 Bg7 6. 0-0 0-0 7. a3 a6 8. Rb1 d5 9. cxd5 Nxd5 10. Nxd5 Qxd5 11. d3 Qd6 12. Bd2 Rb8 13. b4 cxb4 14. axb4 b5 15. Qc2 Bb7 16. Rfc1 Nd4 17. Nxd4 Bxd4 18. Bxb7 Rxb7 19. Qc6 1/2-1/2

[Event "Cologne Longerich op-B 13th"]
[Site "Cologne"]
[Date "2016.08.13"]
[Round "2"]
[White "Zilberman, Rodion"]
[Black "Havenith, Michael"]
[Result "1/2-1/2"]
[WhiteElo "1739"]
[BlackElo "1630"]
[PlyCount "66"]
[EventDate "2016.08.12"]
[EventType "swiss"]
[EventRounds "5"]
[EventCountry "GER"]
[SourceTitle "EXT 2022"]
[Source "ChessBase"]
[SourceDate "2021.10.06"]
[SourceVersion "1"]
[SourceVersionDate "2021.10.06"]
[SourceQuality "1"]

1. d4 Nf6 2. c4 g6 3. Nc3 d5 4. Nf3 Bg7 5. Qb3 dxc4 6. Qxc4 Nbd7 7. e4 Nb6 8. Qb3 0-0 9. Be2 Bg4 10. Be3 c6 11. Rd1 Be6 12. Qc2 Rc8 13. b3 Qc7 14. Rc1 Rfd8 15. 0-0 Ng4 16. e5 a6 17. Bd3 Nd5 18. Nxd5 Bxd5 19. Qe2 e6 20. Ng5 Nh6 21. f4 Nf5 22. Bxf5 exf5 23. Nf3 Qe7 24. g3 h6 25. Nd2 Rd7 26. Nc4 Bxc4 27. Rxc4 Rcd8 28. Rd1 Bf8 29. b4 Rd5 30. a4 Qd7 31. Qc2 Be7 32. Qc3 Bf8 33. Qc2 Be7 1/2-1/2

[Event "Cologne Longerich op-B 12th"]
[Site "Cologne"]
[Date "2015.08.01"]
[Round "3"]
[White "Hoferichter, Michael"]
[Black "Havenith, Michael"]
[Result "0-1"]
[WhiteElo "1372"]
[BlackElo "1646"]
[PlyCount "106"]
[EventDate "2015.07.31"]
[EventType "tourn"]
[EventRounds "5"]
[EventCountry "GER"]
[SourceTitle "EXT 2017"]
[Source "ChessBase"]
[SourceDate "2016.10.25"]
[SourceVersion "1"]
[SourceVersionDate "2016.10.25"]
[SourceQuality "1"]

1. d4 Nf6 2. c4 g6 3. Nc3 d5 4. cxd5 Nxd5 5. e4 Nxc3 6. bxc3 Bg7 7. Be3 c5 8. Nf3 Nc6 9. Bb5 Bd7 10. Rc1 cxd4 11. Nxd4 Ne5 12. Bxd7+ Qxd7 13. 0-0 0-0 14. h3 Nc4 15. Qe2 Rac8 16. f4 e5 17. fxe5 Bxe5 18. Rcd1 Nxe3 19. Qxe3 Qe7 20. Rd3 Rfe8 21. Re1 Rc4 22. Kh1 Rec8 23. Rc1 Qc5 24. Ne2 Qxe3 25. Rxe3 b5 26. a3 Bd6 27. e5 Bxa3 28. Rd1 Bb2 29. e6 fxe6 30. Rxe6 a5 31. Rd7 R4c7 32. Rd5 Rb7 33. Nd4 Bxc3 34. Nxb5 Bb4 35. Nd6 Bxd6 36. Rdxd6 Ra7 37. Ra6 Rca8 38. Re8+ Rxe8 39. Rxa7 Re1+ 40. Kh2 Ra1 41. Kg3 a4 42. h4 a3 43. Kg4 h6 44. h5 gxh5+ 45. Kxh5 a2 46. Kg6 Kf8 47. Kxh6 Rh1+ 48. Kg5 a1Q 49. Rxa1 Rxa1 50. g4 Kg7 51. Kf4 Kg6 52. g5 Ra5 53. Kg4 Rxg5+ 0-1

[Event "Mittelrhein Verbandsliga-W 1112"]
[Site "Germany"]
[Date "2012.02.05"]
[Round "6.5"]
[White "Havenith, Michael"]
[Black "Bausch, Bernd"]
[Result "1/2-1/2"]
[WhiteElo "1686"]
[BlackElo "1835"]
[PlyCount "59"]
[EventDate "2011.09.18"]
[EventType "team-tourn"]
[EventRounds "11"]
[EventCountry "GER"]
[SourceTitle "EXT 2013"]
[Source "ChessBase"]
[SourceDate "2012.11.22"]
[SourceVersion "1"]
[SourceVersionDate "2012.11.22"]
[SourceQuality "1"]
[WhiteTeam "Wuerselen II"]
[BlackTeam "Lendersdorf"]
[WhiteTeamCountry "GER"]
[BlackTeamCountry "GER"]

1. c4 e5 2. Nc3 Nf6 3. Nf3 Nc6 4. g3 d5 5. cxd5 Nxd5 6. Bg2 Nb6 7. 0-0 Be7 8. d3 0-0 9. Bd2 Be6 10. Rc1 h6 11. a3 a5 12. Ne4 Nd7 13. Bc3 a4 14. d4 Bb3 15. Qd3 f5 16. Nxe5 Ndxe5 17. dxe5 Qxd3 18. exd3 fxe4 19. Bxe4 Rad8 20. Bxc6 bxc6 21. d4 c5 22. dxc5 Bxc5 23. Ba5 Bb6 24. Bxb6 cxb6 25. f4 Rd2 26. Rf2 Rxf2 27. Kxf2 g5 28. Ke3 gxf4+ 29. gxf4 Be6 30. Rc6 1/2-1/2

[Event "Mittelrhein Verbandsliga-W 1112"]
[Site "Germany"]
[Date "2011.11.13"]
[Round "3.5"]
[White "Peters, Matthias"]
[Black "Havenith, Michael"]
[Result "1/2-1/2"]
[WhiteElo "1956"]
[BlackElo "1686"]
[PlyCount "71"]
[EventDate "2011.09.18"]
[EventType "team-tourn"]
[EventRounds "11"]
[EventCountry "GER"]
[SourceTitle "EXT 2013"]
[Source "ChessBase"]
[SourceDate "2012.11.22"]
[SourceVersion "1"]
[SourceVersionDate "2012.11.22"]
[SourceQuality "1"]
[WhiteTeam "Brand SF"]
[BlackTeam "Wuerselen II"]
[WhiteTeamCountry "GER"]
[BlackTeamCountry "GER"]

1. e4 c6 2. d4 d5 3. Nc3 dxe4 4. Nxe4 Bf5 5. Ng3 Bg6 6. Nf3 Nd7 7. Be2 Ngf6 8. 0-0 e6 9. b3 Be7 10. Bb2 0-0 11. Nh4 Qc7 12. c4 Rfe8 13. Rc1 Qa5 14. Nxg6 hxg6 15. a3 Rad8 16. Qc2 Qb6 17. Bf3 Rc8 18. b4 Qc7 19. Ne2 Bd6 20. g3 e5 21. c5 Bf8 22. dxe5 Nxe5 23. Bg2 Rcd8 24. Rcd1 Qe7 25. Rxd8 Rxd8 26. Rd1 Rxd1+ 27. Qxd1 Nc4 28. Bc1 Ne5 29. f4 Ned7 30. Nd4 Ne4 31. Qe1 Ndf6 32. g4 Qd7 33. Be3 Qxg4 34. h3 Qg3 35. Qxg3 Nxg3 36. Bxc6 1/2-1/2